000 00755nam a22002177a 4500
005 20170124105943.0
010 _a627639
020 _c00.00
035 _a627639
037 _bCen Lib/Ret
040 _aDPL
_bEN
082 _a302.23
_bKEV
100 _aKeval J. Kumar
_911795
245 _aMedia education communication and public policy :
_cby Kevak J. Kumar
_ban indian Perspective /
260 _aBombay
_bHimalaya Publishing House
_c1995
270 _a"Ramdoot", Dr. Bhalerao Marg, Girgaon
_bBombay
_e400004
300 _axxii,425
_c20cm(Hb)
650 _aSocial interaction
_911796
650 _aMass communication
_911797
942 _2ddc
_cEN
_h302.23
_mKEV
999 _c124740
_d124740